000 00333nam a22001217a 4500
040 _cHS
082 _a235
100 _aNA
245 _aក្រុមបច្ចេកទេសអនុវត្តប្រមូលផលព្រៃឈើនៅកម្ពុជា
260 _aCambodia
_bNA
_cNA
300 _a69p;
942 _cKB
999 _c9275
_d9275